Statistics for MCU Superhero Teams

Click here to take the quiz!

General Stats

  • This quiz has been taken 218 times
    (158 since last reset)
  • The average score is 23 of 26

Answer Stats

Hint Answer % Correct
Avengers (The Avengers)Iron Man
100%
Hawkeye
99%
Black Widow
99%
Captain America
99%
Guardians of the GalaxyStar-Lord
98%
Hulk
98%
Thor
98%
Groot
97%
Spider-Man
96%
Scarlet Witch
96%
Falcon
95%
Gamora
95%
Drax
95%
Black Panther
95%
War Machine
94%
Rocket Raccoon
94%
Ant-Man
92%
Winter Soldier
90%
New Avengers (Age of Ultron)Vision
90%
Mantis
89%
Valkyrie
80%
Loki
79%
Quicksilver
78%
Volstagg
37%
Hogun
36%
Fandral
34%

Score Distribution

Percentile by Number Answered

Percent of People with Each Score

Your Score History

You have not taken this quiz since the last reset